Landen die Nederland het meest bezoeken - Statistieken

Algemene statistieken
  • Deze quiz is 374 keer genomen
  • De gemiddelde score is 9 van 10
Antwoordstatistieken
# Bezoekers Land % Correct
5,190,000 Duitsland
100%
2,240,000 België
98%
825,000 Frankrijk
96%
445,000 Spanje
96%
2,195,000 Verenigd Koninkrijk
95%
565,000 Italië
93%
160,000 Denemarken
87%
160,000 Zweden
80%
285,000 Zwitserland
73%
175,000 Rusland
46%
Geen overeenkomende quizzen gevonden
Scoreverdeling
Procent van Mensen met Elke Score
Percentiel versus Aantal Correcte Antwoorden
Uw Scoregeschiedenis
U heeft deze quiz nog niet genomen